| 000 | nam a22 7a 4500 | ||
|---|---|---|---|
| 999 |
_c20733 _d20733 |
||
| 008 | 170120b xxu||||| |||| 00| 0 eng d | ||
| 050 | _aND 237 .S636A24 1967 | ||
| 100 | _asoyer, Raphael. | ||
| 245 |
_aSelf-Revealment : _ba memoir/ _cRaphael Soyer. |
||
| 260 |
_aNewYork : _bMaecenas press, _c1967. |
||
| 300 |
_a116p. : _bill. ; _c28cm. |
||
| 500 | _aInclude bibliographical references and index. | ||
| 650 | _aFiction. | ||
| 942 |
_2lcc _cBOOKS |
||